Normal view
MARC view
Entry Personal Name
001 - CONTROL NUMBER
- control field: 7687
003 - CONTROL NUMBER IDENTIFIER
- control field: BD-RjUL
005 - DATE AND TIME OF LATEST TRANSACTION
- control field: 20230525163446.0
008 - FIXED-LENGTH DATA ELEMENTS
- fixed length control field: 230525|| aca||aabn | a|a d
040 ## - CATALOGING SOURCE
- Original cataloging agency: BD-RjUL
- Transcribing agency: BD-RjUL
100 ## - HEADING--PERSONAL NAME
- Personal name: চক্রবর্তী, উত্তম কুমার
670 ## - SOURCE DATA FOUND
- Source citation: Work cat.: (BD-RjUL)81465: চক্রবর্তী, উত্তম কুমার, বাংলাদেশের কবিতায় শব্দচেতনা (১৯৪৭-১৯৭১) /, ২০২১